00558cam a22001932 4500001001100000005001700011008004100028020001700069040001500086100003700101245007200138250001200210260003100222300001600253650002800269650002700297700003700324852000300361000002049220151217154441.0110920s xx 000 0 eng d a0199206735 : aKABUcKABU1 aPlayfair, John H. L.@000018093310aInfection and immunity /cJohn H. L. Playfair, Gregory J. Bancroft. a3rd ed. aNew York :bOxford,c2008. axvi, 341 p. 0aImmunology.@0000075663 0aInfection.@00000024761 aBancroft, Gregory J.@00001809341